01015nam a2200241 i 450000100060000000300090000600500170001500700030003200800410003502000180007608000160009408000130011010000310012324501200015426001740027430000220044849000330047065100570050383000410056085200330060199900170063495201220065153896ES-MaACL20230906162841.0t|031117s2000 mx ||||1| spa d a968-835-342-6 a338.1 (728) a308(728)1 aLizcano, Francisco.97262210aDesarrollo socieconómico de América Central en la segunda mitad del siglo XX / cFrancisco Lizcano Fernández. aToluca (México) : bUniversidad Autónoma del Estado de México ;aMadrid : bAsociación de Investigación y Especialización sobre Temas Iberoamericanos,c2000. a364 p. ; c23 cm.1 aColección: Historia ; v21 aAmérica central-xSituación económica.91708710 aColección: Historia ; v219179966 aES-MaACLjL-26606 bR.132232 c53896d53896 00104070aATENEOMbATENEOMcDEPO2d2008-01-17eSCl0oL-26606p1056639r2023-02-23 00:00:00w2023-02-23yMONOGRAFIA